00524nam a22001697a 450000500170000001000150001702000260003203500130005803700130007108200140008410000200009824500790011826000430019727000540024030000200029450000400031420150616111032.0 aENG-112997 a9788170545682c600.00 aEN-96529 bDBAD/PUB a327.73054 aBiswas, Debjani aIndo-US relations :bduring the Reagan administration /cby Debjani Biswas aNew DelhibClassical Publishing c2012 a28- Shopping Centre, KarampurabNew Delhie110015 a208p.c22cm(Hb) aIncludes bibliographical references